000 00523nam a22001817a 4500
003 BUBTL
008 160316b xxu||||| |||| 00| 0 eng d
020 _a978-203-3816-6
082 _a005.133 / So51p
100 _9500
_aSomashekara, M.T
245 _aProblem Solving with C /
_cM.T. Somashekara
260 _aNew Delhi :
_bPHI Learning,
_cc2009.
300 _axiii,475 p.
_c22 cm.
650 0 _aComputer Science
_93298
856 _k0
_l0
_yDownload
942 _2ddc
_cBK
999 _c5190
_d5190